|
|
|
|
| LEADER |
00000cam a2200000 7i4500 |
| 001 |
0000075751 |
| 005 |
20171106.0 |
| 008 |
171010 |
| 020 |
|
|
|a 9789674594725
|
| 041 |
0 |
|
|a Malay
|
| 090 |
0 |
0 |
|a 297
|b SOA
|
| 245 |
1 |
0 |
|a Soal jawab agama umat bertanya ulama menjawab :
|b akidah
|
| 260 |
|
|
|a Kuala Lumpur :
|b Fargoes Books Sdn. Bhd. ,
|c 2017
|
| 300 |
|
|
|a 61p. ;
|c 22cm.
|
| 490 |
1 |
|
|a Siri soal jawab agama
|
| 541 |
0 |
0 |
|c Purchased on 2017
|
| 650 |
|
0 |
|a Islam miscellanea
|
| 650 |
|
0 |
|a Islam
|x customs and practices
|
| 700 |
0 |
|
|a Dr. Syeikh Muhammad Ali As-Shabuni
|
| 700 |
0 |
|
|a Dr. Syeikh Wahbah Az Zuhaili
|
| 700 |
0 |
|
|a Dr. Syeikh Yusuf Al-Qaradhawi
|
| 700 |
0 |
|
|a Syeikh Jadul Haq Ali Jadul Haq
|
| 999 |
|
|
|a 0001474958
|b Book
|c Adult Collection
|e Cawangan Mersing
|
| 999 |
|
|
|a 0001474959
|b Book
|c Adult Collection
|e Cawangan Kota Tinggi
|
| 999 |
|
|
|a 0001474960
|b Book
|c Adult Collection
|e Cawangan Bukit Gambir
|
| 999 |
|
|
|a 0001474961
|b Book
|c Adult Collection
|e Cawangan Segamat
|
| 999 |
|
|
|a 0001474962
|b Book
|c Adult Collection
|e Cawangan Taman Sri Lambak
|
| 999 |
|
|
|a 0001474963
|b Book
|c Adult Collection
|e Cawangan Sri Merlong
|
| 999 |
|
|
|a 0001474964
|b Book
|c Adult Collection
|e Cawangan Bandar Penawar
|
| 999 |
|
|
|a 0001474965
|b Book
|c Adult Collection
|e Cawangan Bandar Tenggara
|
| 999 |
|
|
|a 0001474966
|b Book
|c Adult Collection
|e Cawangan Tangkak
|
| 999 |
|
|
|a 0001474967
|b Book
|c Adult Collection
|e Cawangan Muar
|
| 999 |
|
|
|a 0001474968
|b Book
|c Adult Collection
|e Cawangan Batu Pahat
|
| 999 |
|
|
|a 0001474969
|b Book
|c Adult Collection
|e Cawangan Tmn. Ungku Tun Aminah
|
| 999 |
|
|
|a 0001474970
|b Book
|c Adult Collection
|e Cawangan Pontian
|
| 999 |
|
|
|a 0001476343
|b Book
|c Adult Collection
|e Perbadanan Perpustakaan Awam Johor
|
| 999 |
|
|
|a 0001476344
|b Book
|c Adult Collection
|e Perbadanan Perpustakaan Awam Johor
|
| 999 |
|
|
|a 0001476345
|b Book
|c Adult Collection
|e Cawangan Urban Transformation Centre
|